[Event "Gran Canaria Joseito Memorial 30th"]
[Site "Gran Canaria"]
[Date "2012.09.01"]
[Round "1"]
[White "Matias Araujo, Jose"]
[Black "Ramirez Garcia, Simeon Tomas"]
[Result "0-1"]
[WhiteElo "1218"]
[BlackElo "1400"]
[PlyCount "86"]
[EventDate "2012.09.01"]
[EventType "swiss"]
[EventRounds "6"]
[EventCountry "ESP"]
[SourceTitle "CBM 150 Extra"]
[Source "ChessBase"]
[SourceDate "2012.10.19"]
[SourceVersion "1"]
[SourceVersionDate "2012.10.19"]
[SourceQuality "1"]

1. e3 c5 2. Nc3 Nf6 3. Bd3 a6 4. Nge2 d6 5. 0-0 h6 6. Ne4 Nbd7 7. N2g3 e6 8. c3 Be7 9. b4 Qc7 10. Rb1 c4 11. Be2 0-0 12. d3 b5 13. d4 Bb7 14. Bf3 Nxe4 15. Bxe4 Nf6 16. Bf3 d5 17. Qe2 Bd6 18. Re1 Bxg3 19. fxg3 Ne4 20. Bxe4 dxe4 21. Qg4 f5 22. Qg6 Rf6 23. Qh5 Bc6 24. Rf1 Be8 25. Qh4 Rg6 26. Rf4 e5 27. Rxf5 Bd7 28. Rxe5 Rf8 29. Bd2 Rgf6 30. h3 Rf2 31. Rd1 R2f6 32. Qxe4 Bf5 33. Qf4 Bd3 34. Qg4 Qf7 35. Kh2 Rf2 36. Rg1 Rxd2 37. h4 Rf2 38. Qd1 Qg6 39. Rh5 Be2 40. Qd2 Bxh5 41. Qc1 R8f3 42. e4 Qxg3+ 43. Kh1 Qxh4# 0-1